Responses for Show #158 - Wednesday, April 17, 1985

Contestants

[<< previous game]

Marcia Friedman, a graphic artist from Rolling Hills Estates, California

John Pendleton, a substitute teacher from Ventura, California

Matthew Hubbard, a computer game designer from Palo Alto, California (whose 1-day cash winnings total $12,100)

[next game >>]

Jeopardy! Round responses

ANATOMY
TOYS & GAMES
COLORS
TRIVIA
U.S. STATES
WINTER SPORTS
    $100 15
the kneecap

John
    $100 10
(John: What is 26?)

6

MattJohn
    $100 18
a white lie

John
    $100 1
Old Glory

John
    $100 2
New York

Matt
    $100 4
snowmobiling

Marcia
    $200 16
feet

John
    $200 11
pinball

Matt
    $200 19
the red light district

Marcia
    $200 3
knives

Marcia
    $200 22
(John: What is, uh, Utah?)

Washington

JohnMarcia
    $200 5
(John: What is, uh, do, slalom?)

snowshoe

JohnMarcia
    $300 17
the tongue

John
    $1,900 12
(Matt: What is "Little Toy Balloon"?)
...
(Alex: A 1966 hit song by The Cyrkle.)

a "Red Rubber Ball"

Matt
    $300 20
(John: What is amethyst?)

turquoise

JohnMarcia
    $300 7
(John: Uh, what is the Moon?)

Mother Earth

MattJohn
    $300 6
(John: What is slalom?)

cross country

MattJohn
    $400 13
jacks

Matt
    $400 21
(John: What is a [*]-tongued orator?)
...
(Alex: We've got less than a minute to go.)

silver

John
    $400 8
Emmett Kelly

Matt
    $400 25
[The end-of-round signal sounds.]

6

John
    $500 14
5

Matt
    $500 23
a greenhorn

Matt
    $500 9
Easter

Matt
    $500 24
(John: What is, um...)
[Time's up]
(John: New York.)
(Marcia: What is Virginia & South Carolina?)
...
(Alex: South Carolina is right, but Virginia was not named for a king unless he was a strange king.)
[Laughter]

(2 of) Georgia, Louisiana, North & South Carolina

JohnMarcia
Triple Stumper

Scores at the first commercial break (after clue 10):

Matt John Marcia
$1,700 -$800 $500

Scores at the end of the Jeopardy! Round:

Matt John Marcia
$1,400 -$300 $700

Double Jeopardy! Round responses

MYTHS & LEGENDS
A.K.A.
EUROPE
PROVERBS
BUSINESS & INDUSTRY
14-LETTER WORDS
    $200 11
the Loch Ness Monster

Matt
    $200 1
Marilyn Monroe

Matt
    $200 10
Moscow

Marcia
    $200 13
the devil

John
    $200 6
Sean Connery

Matt
    $200 3
claustrophobia

John
    $400 12
(Marcia: What is, uh, Monday?)

Wednesday

JohnMarcia
    $400 2
(Marcia: Who is Morris the Cat?)

Stevie Wonder

JohnMarcia
    $400 19
(Alex: 188 square miles to 154 square miles.)

East Berlin

Matt
    $400 14
the wind

Matt
    $400 22
Cabbage Patch Kids

Matt
    $400 4
(Marcia: What are impressions?)

impersonations

JohnMarcia
    $600 18
(Marcia: Who is Will Rogers?)

Pecos Bill

JohnMarcia
    $600 7
Anne Bancroft

Matt
    $2,000 20
(Alex: [Prior to the wager] We've got less than a minute to go.)

sunrise & sunset

Matt
    $600 16
the dictionary

Matt
    $600 5
irreconcilable

John
    $800 25
(Marcia: Who is Abraham?)
...
[The end-of-round signal sounds.]

Adam

Marcia
Triple Stumper
    $1,000 8
(Alex: They were married for only a few weeks.)

Ethel Merman & Ernest Borgnine

Matt
    $800 17
(Marcia: I'm sorry.)

a free lunch

MattMarcia
    $800 15
(Marcia: What are, oh... the trials of?)

the apprenticeship

MattMarcia
    $1000 24
(Matt: Who is... Helen of Troy?)
...
(Alex: John or Marcia? [Cliche soap opera voice] John. Marcia. John.)
[Laughter]
(Alex: You knew I was gonna do it; you knew it was coming.)

Dido

Matt
Triple Stumper
    $1000 9
Engelbert Humperdinck

Matt
    $1000 21
(Marcia: How is towards the west?)

the twig is bent

JohnMarcia
    $1000 23
quintessential

Marcia

Scores at the end of the Double Jeopardy! Round:

Matt John Marcia
$9,000 $3,500 -$3,300
(lock game)

[wagering suggestions for these scores]

Final Jeopardy! Round responses

SOAP OPERAS
JohnWhat is As the World Turns
$0
MattWhat is As The World Turns?
$1,400
The Guiding Light

Final scores:

Matt John Marcia
$7,600 $3,500 -$3,300
2-day champion: $19,700 2nd place: Benchmark carpeting & La-Z-Boy sleep sofa 3rd place: Hardwick grill

Game dynamics:

Coryat scores:

Matt John Marcia
$9,300 $3,500 -$3,300
23 R
(including 2 DDs),
2 W
(including 1 DD)
15 R,
7 W
8 R,
9 W

Combined Coryat: $9,500

[game clues] [game scores] [suggest correction]

Game tape date: 1984-12-19
The J! Archive is created by fans, for fans. Scraping, republication, monetization, and malicious use prohibited; this site may use cookies and collect identifying information. See terms. The Jeopardy! game show and all elements thereof, including but not limited to copyright and trademark thereto, are the property of Jeopardy Productions, Inc. and are protected under law. This website is not affiliated with, sponsored by, or operated by Jeopardy Productions, Inc. Join the discussion at JBoard.tv.